000 00435nam a2200145 a 4500
001 000030771
005 20200930062512.0
008 110527s2009 dr ac 000 0 spa d
040 _aDO-SdBNP
_bspa
_cBNPHU
082 _axxxx
_bZ24h
100 1 _aZambrano, Héctor,
_d1956-
_931315
245 1 0 _aHistoria de Boyá /
_cHéctor Zambrano.
260 _aMonte Plata :
_bImpresos Monte Plata,
_c2009.
300 _a426 p. :
_bil., retrs. ;
_c21 cm.
999 _c30263
_d30263